000 00639nam a2200229Ia 4500
003 OSt
005 20220928134915.0
006 a|||||r|||| 00| 0
007 ta
008 220927b |||||||| |||| 00| 0 eng d
024 _a33
037 _cTextual
040 _aSDCL
_cSDCL
_beng
041 _2eng
_aeng
082 _aXxN15x, M9.1-.4
100 _aWood John Cunningham Ed.
245 0 _aPaul A Samuelson
_bCritical assessments.4V.
260 _c1989
700 _a Woods Ronald N Ed.
_9489065
942 _hXxN15x, M9.1-.4
_cTEXL
_2CC
999 _c804252
_d804252